000 00703nam a2200253Ia 4500
003 OSt
005 20250407154631.0
008 250407s2017 xx 000 0 und d
020 _a9789353945220
040 _cAIMIT LIBRARY
041 _aeng
082 _a339
_bBLAO
_27
100 _aBlanchard, Olivier.
_9127494
245 _aMacroeconomics /
_cBy Olivier Blanchard
250 _a7th ed.
260 _aChennai :
_bPearson ,
_c2020.
300 _a530,A16,G10,I8,C1p. ;
_bPB
_c25 cm.
650 _aMacro Economics
_9127495
651 _aThe short run
_9127496
651 _aThe open economy
_9127497
651 _aBack to policy
_9127498
700 _9127499
942 _2ddc
_cBK
_e7th
_k339 BLAO
999 _c234109
_d234109